000 00543cam a2200145 4500500
005 20260208002343.0
041 _afre
042 _adc
100 1 0 _aPaulin, Étienne
_eauthor
245 0 0 _aCharles Lindholm, The Islamic Middle East: Tradition and Change, Revised edition, Oxford, Blackwell Publishing, 2002 [1996], 324 p.
260 _c2005.
500 _a99
786 0 _nL'Homme | 175-176 | 3 | 2005-07-01 | p. 475j-572j | 0439-4216
856 4 1 _uhttps://shs.cairn.info/revue-l-homme-2005-3-page-475j?lang=fr&redirect-ssocas=7080
999 _c1645979
_d1645979